000 00293nam a22001217a 4500
008 171124b xxu||||| |||| 00| 0 eng d
041 _aeng
080 _a591
100 _a11
101 _aNUT
245 _aETHYL ALCOHOL PRODUCTION AND USE AS MOTOR FUEL
_cPAUL.J.K
942 _2udc
_cBK
999 _c38443
_d38443